Online
Catalog

Matemática actualizada 01 : (Record no. 35566)

MARC details
000 -CABECERA
campo de control de longitud fija 01001nam a2200205 a 4500
001 - NÚMERO DE CONTROL
campo de control 000036075
005 - FECHA Y HORA DE LA ÚLTIMA TRANSACCIÓN
campo de control 20200930074844.0
008 - DATOS DE LONGITUD FIJA--INFORMACIÓN GENERAL
campo de control de longitud fija 111129s1977 sp a 000 0 spa d
020 ## - NÚMERO INTERNACIONAL ESTÁNDAR DEL LIBRO
Número Internacional Estándar del Libro 8439978790
040 ## - FUENTE DE LA CATALOGACIÓN
Centro catalogador/agencia de origen DO-SdBNP
Lengua de catalogación spa
Centro/agencia transcriptor BNPHU
082 ## - NÚMERO DE LA CLASIFICACIÓN DECIMAL DEWEY
Número de clasificación xxxx
Número de documento/Ítem xxxx
245 00 - MENCIÓN DE TÍTULO
Título Matemática actualizada 01 :
Resto del título pre-escolar /.
260 ## - PUBLICACIÓN, DISTRIBUCIÓN, ETC.
Lugar de publicación, distribución, etc. Madrid :
Nombre del editor, distribuidor, etc. Susaeta,
Fecha de publicación, distribución, etc. 1977.
300 ## - DESCRIPCIÓN FÍSICA
Extensión 63 p. :
Otras características físicas il. ;
Dimensiones 25 cm.
490 1# - MENCIÓN DE SERIE
Mención de serie Escuela dominicana ;
500 ## - NOTA GENERAL
Nota general Incluye guía para el profesor al final del texto.
505 0# - NOTA DE CONTENIDO CON FORMATO
Nota de contenido con formato Formar conjuntos o grupos --
Título Identificar los elementos de un conjuntos --
-- Pertenencia y no pertenencia --
-- Reconocer conjuntos de muchos y pocos elementos --
-- Comparar conjuntos que tienen muchos elementos con conjuntos que tienen pocos elementos relación « más que » --
-- Comparar conjuntos "iguales" --
-- Formar conjuntos unitarios --
-- Leer y escribir numerales del uno al cuatro --
-- Unir conjuntos --
590 ## - NOTA LOCAL (RLIN)
Nota local Inventariado, 2018/ YL
830 #0 - PUNTO DE ACCESO ADICIONAL DE SERIE-TÍTULO UNIFORME
Título uniforme Escuela dominicana
9 (RLIN) 12154
Holdings
Estado de retiro Estado de pérdida Restricciones de uso No para préstamo Código de colección Localización permanente Ubicación/localización actual Ubicación en estantería Fecha de adquisición Número de inventario Total de préstamos Signatura topográfica completa Código de barras Fecha visto por última vez Precio válido a partir de Tipo de ítem Koha Número de copia
      Excluido de préstamo Monografías: Libros y Folletos Patrimonio Dominicano Patrimonio Dominicano En catalogación 29.11.2011 LF1   xxxx xxxx 36075-10 25.06.2020 25.06.2020 No se presta  
      Excluido de préstamo Monografías: Libros y Folletos Patrimonio Dominicano Patrimonio Dominicano En catalogación 16.10.2018 LF1   xxxx xxxx 36075-20 25.06.2020 25.06.2020 No se presta e. 2

Powered by Koha